000
00293nam a22001217a 4500
008
180425b xxu||||| |||| 00| 0 eng d
041
_a
eng
080
_a
043.3
100
_a
0
101
_a
MBE-BTH
245
_a
Barrierat për inovacion dhe kultura menaxheriale
_c
Mehmeti,K
942
_2
udc
_c
BK
999
_c
45516
_d
45516